000 00415nam a22001457a 4500
082 _a3555.009244
_bBUT
100 _aButler, Arthur John
_949196
245 _aThe memoris of baron de marbot
_cButler, Arthur John
250 _avolume1
260 _aLondon
_bLongmans, green and co
_c1894
300 _a272p.:
_bill,;
_c15 cm.
526 _a0
_b0
_c0
_d3555_009244000000000_BUT
650 _aMCE
_9379
942 _2ddc
_cBK
999 _c552009
_d552009